Dictall-Grafi Anglicko-slovenský slovník

Gespeichert in:
Bibliographische Detailangaben
Format: Buch
Sprache:Englisch
Slowakisch
Veröffentlicht: Praha PC Club 77 [1992]
Ausgabe:1. vyd.
Tags: Tag hinzufügen
Keine Tags, Fügen Sie das erste Tag hinzu!

MARC

LEADER 00000nam a2200000 4500
001 c000251
005 20221214085452.1
041 0 |a eng 
041 0 |a slo 
044 |a CZ 
245 1 0 |a Dictall-Grafi  |b Anglicko-slovenský slovník 
250 |a 1. vyd. 
264 1 |a Praha  |b PC Club 77  |c [1992]